000 00429nam a2200181Ia 4500
005 20250423100356.0
008 250422s9999 xx 000 0 und d
020 _a0-07-462038-x
050 _aQA 76 .64 .B35/
100 _aBalagurusamy, E.
245 0 _aObject oriented programming with C++
260 _aNew Delhi
260 _bMcGraw-Hill
260 _c1995
300 _a321 p
650 _aMathematics
942 _cBK
999 _c33119
_d33119